[Event "GBR-ch U120 op 105th"]
[Site "Hull"]
[Date "2018.07.30"]
[Round "1"]
[White "Hara, R Malcolm"]
[Black "De Santos, Andrew R"]
[Result "1-0"]
[WhiteElo "116"]
[BlackElo "1639"]
[PlyCount "45"]
[EventDate "2018.07.30"]
[EventType "swiss"]
[EventRounds "5"]
[EventCountry "ENG"]
[SourceTitle "EXT 2021"]
[Source "ChessBase"]
[SourceDate "2020.10.23"]
[SourceVersion "1"]
[SourceVersionDate "2020.10.23"]
[SourceQuality "1"]

1. d4 d5 2. c4 c6 3. Nf3 Nf6 4. Nc3 h6 5. cxd5 cxd5 6. Bf4 Bf5 7. e3 e6 8. Bb5+ Nc6 9. Ne5 Rc8 10. Qa4 Qb6 11. Rc1 Nd7 12. Nxd7 Kxd7 13. 0-0 Bd6 14. Bxd6 Kxd6 15. Qa3+ Kd7 16. Rfe1 Rc7 17. Be2 Qb4 18. Qxb4 Nxb4 19. Bb5+ Ke7 20. a3 Nd3 21. Bxd3 Bxd3 22. Nxd5+ exd5 23. Rxc7+ 1-0